MODEL MECHANICKÉHO TESTOVANIA SKLENENÝCH VLÁKIEN

Bibliographic Details
Main Authors: Liška, Marek, 1951- (Author), Chromčíková, Mária, 1967- (Author)
Format: Article
Language:English
ISBN:9788080738068

MARC

LEADER 00000naa a2200000uu 4500
001 vtls011057143
003 SK-MaSNL
005 20260302113833.0
008 210910|2007 xo |||||||||||||||||eng|
015 |a SNBRA 
035 |a (urnnbn)urn:nbn:sk:snk:ar-a0bzl6 
035 |a (uuid)326a801f-235c-4182-8d22-088144608b18 
035 |a urn:nbn:sk:snk-aav66z 
040 |a SNKBUCL  |b slo  |c SNKBUCL  |e AACR2 
041 0 |a eng 
044 |a xo  |c SK 
100 1 |a Liška, Marek,  |d 1951-  |4 aut  |9 39842 
245 1 0 |a MODEL MECHANICKÉHO TESTOVANIA SKLENENÝCH VLÁKIEN  |c Marek Liška, Mária Chromčíková 
246 3 |a MECHANICAL TESTING OF THE STRAND OF GLASS FIBERS - MODEL 
700 1 |a Chromčíková, Mária,  |d 1967-  |4 aut  |9 199011 
773 0 |t Príprava keramických materiálov  |d Košice : Technická univerzita, 2007  |g S. 154-159  |z 9788080738068 
958 |a OND 
958 |a article12 
958 |a chapter 
999 |c 1257230  |d 1259160